| 000 | 00976cam a2200205 4500 | ||
|---|---|---|---|
| 001 | WB3945-04 | ||
| 008 | 031126n2003 000 0 eng u | ||
| 035 | _a(Sirsi) u124479 | ||
| 245 | _aKing Sturge latest industrial and floorspace figures | ||
| 260 | _c2003 | ||
| 490 |
_aKing Sturge Press Release _v 21 November 2003, (1) |
||
| 520 | _aKing Sturge's Industrial & Distribution Floorspace Today shows that industrial vacancies are rising more slowly than before and in some parts of the country are now stable. Between April and September 2003 availability increased by 1.1% which is the smallest increase in three years. For the King Sturge Press Release: http://www.kingsturge.com/site/docs/pressoffice/newsdisplay.cfm?NID=%24%299S%26KP%20%20%0A | ||
| 590 | _aWB | ||
| 650 | _aKING STURGE | ||
| 650 | _aFLOORSPACE | ||
| 650 | _aDISTRIBUTION SERVICES | ||
| 650 | _aRENTAL GROWTH | ||
| 690 | _aPROPERTY-COMMERCIAL PROPERTY-COMMERCIAL PROPERTY MARKET | ||
| 942 | _n0 | ||
| 999 |
_c73864 _d73864 |
||